000 00400nam a2200157Ia 4500
003 GCL
008 140319s9999 xx 000 0 eng d
040 _aGCL /
_cGCL
082 0 4 _aCC
_b704.012
_bV A
100 1 _aVILIMLMOVA, MILADA
245 1 0 _aL'ART EGYPTIEN /
_cVILIMLMOVA, MILADA
260 _a[S.N] :
_bPETER NEVILL ،
_c1982
300 _a117 PP
650 0 4 _aART, EGYPTIAN
942 _2ddc
_cBK
999 _c19204
_d19204